[Event "Copenhagen Bronshoj op"]
[Site "Copenhagen"]
[Date "2015.02.09"]
[Round "7"]
[White "Gossili, Farid"]
[Black "Nielsen, Thomas1111"]
[Result "1-0"]
[WhiteElo "1457"]
[BlackElo "1632"]
[PlyCount "73"]
[EventDate "2015.02.06"]
[EventType "swiss"]
[EventRounds "7"]
[EventCountry "DEN"]
[SourceTitle "EXT 2016"]
[Source "ChessBase"]
[SourceDate "2015.10.08"]
[SourceVersion "1"]
[SourceVersionDate "2015.10.08"]
[SourceQuality "1"]

1. c4 c5 2. Nc3 Nc6 3. Nf3 d6 4. d4 cxd4 5. Nxd4 Bd7 6. e4 Nf6 7. g3 Rc8 8. Bg2 Ne5 9. b3 g6 10. 0-0 Bg7 11. Bb2 0-0 12. Rb1 Bg4 13. f3 Bd7 14. Nd5 Nxd5 15. exd5 Qb6 16. Kh1 Nxc4 17. bxc4 Rxc4 18. Ba1 Qa6 19. Rf2 Rfc8 20. Bf1 b5 21. Bxc4 Rxc4 22. Rc1 Qa3 23. Rxc4 bxc4 24. Nc6 Bxc6 25. dxc6 Bxa1 26. Qxa1 Qc5 27. Rb2 e5 28. Kg2 Qxc6 29. Qc1 d5 30. Qe3 Qc7 31. Rb5 Qd7 32. Rb8+ Kg7 33. Qxe5+ f6 34. Qd4 Qe6 35. Rb7+ Kf8 36. Qc5+ Kg8 37. Rb8+ 1-0

[Event "Copenhagen Bronshoj op"]
[Site "Copenhagen"]
[Date "2015.02.08"]
[Round "4"]
[White "Gossili, Farid"]
[Black "Mouritsen, Jan"]
[Result "1-0"]
[WhiteElo "1457"]
[BlackElo "1856"]
[PlyCount "69"]
[EventDate "2015.02.06"]
[EventType "swiss"]
[EventRounds "7"]
[EventCountry "DEN"]
[SourceTitle "EXT 2016"]
[Source "ChessBase"]
[SourceDate "2015.10.08"]
[SourceVersion "1"]
[SourceVersionDate "2015.10.08"]
[SourceQuality "1"]

1. c4 e6 2. Nc3 d5 3. d4 Nf6 4. Nf3 c6 5. c5 b6 6. b4 a5 7. Na4 Nbd7 8. Bd2 b5 9. Nb2 axb4 10. Bxb4 e5 11. e3 e4 12. Nd2 Be7 13. Be2 0-0 14. a4 bxa4 15. Rxa4 Bb7 16. Rxa8 Qxa8 17. 0-0 Ba6 18. f3 exf3 19. Nxf3 Rb8 20. Bxa6 Qxa6 21. Nd3 Ne4 22. Be1 Qa3 23. Bf2 Rb3 24. Nfe5 Nxe5 25. Nxe5 Qa4 26. Nxc6 Nxf2 27. Nxe7+ Kf8 28. Rxf2 Qb5 29. Qf3 Rb1+ 30. Rf1 Kxe7 31. Qxf7+ Kd8 32. Qf8+ Kc7 33. Qxg7+ Kb8 34. Qg8+ Ka7 35. Qxh7+ 1-0

[Event "Copenhagen Bronshoj op"]
[Site "Copenhagen"]
[Date "2015.02.07"]
[Round "3"]
[White "Andersen, Rune"]
[Black "Gossili, Farid"]
[Result "1-0"]
[WhiteElo "2056"]
[BlackElo "1457"]
[PlyCount "55"]
[EventDate "2015.02.06"]
[EventType "swiss"]
[EventRounds "7"]
[EventCountry "DEN"]
[SourceTitle "EXT 2016"]
[Source "ChessBase"]
[SourceDate "2015.10.08"]
[SourceVersion "1"]
[SourceVersionDate "2015.10.08"]
[SourceQuality "1"]

1. d4 d5 2. c4 e6 3. Nc3 Nf6 4. Nf3 c5 5. cxd5 Nxd5 6. e4 Nxc3 7. bxc3 cxd4 8. cxd4 Bb4+ 9. Bd2 Qa5 10. Bd3 Nc6 11. 0-0 Bxd2 12. Nxd2 Nxd4 13. Nc4 Qc5 14. e5 0-0 15. Re1 Bd7 16. Rc1 Rac8 17. Qd2 Qd5 18. Be4 Qc5 19. Kh1 Rcd8 20. Nd6 Qb6 21. Rb1 Bb5 22. a4 f5 23. Bd3 Rxd6 24. exd6 Qxd6 25. axb5 Rd8 26. Bc4 Kf7 27. Rbd1 Qb6 28. Rxe6 1-0

[Event "Copenhagen Bronshoj op"]
[Site "Copenhagen"]
[Date "2015.02.06"]
[Round "1"]
[White "Tandrup, Michael"]
[Black "Gossili, Farid"]
[Result "0-1"]
[WhiteElo "1958"]
[BlackElo "1457"]
[PlyCount "96"]
[EventDate "2015.02.06"]
[EventType "swiss"]
[EventRounds "7"]
[EventCountry "DEN"]
[SourceTitle "EXT 2016"]
[Source "ChessBase"]
[SourceDate "2015.10.08"]
[SourceVersion "1"]
[SourceVersionDate "2015.10.08"]
[SourceQuality "1"]

1. d4 d5 2. Nf3 e6 3. e3 c5 4. b3 Nf6 5. Bd3 Nc6 6. Bb2 cxd4 7. exd4 Bd6 8. 0-0 0-0 9. Nbd2 Qc7 10. Re1 Bd7 11. Ne5 Rae8 12. a3 Bc8 13. Qf3 Nd7 14. Qh3 f5 15. f4 Rf6 16. g3 Rh6 17. Qf1 Nf6 18. c4 Ne4 19. Ndf3 Bxe5 20. Nxe5 Nxe5 21. fxe5 Nd2 22. Qf4 Nxb3 23. cxd5 Nxa1 24. d6 Qb6 25. Bxa1 Qb3 26. Qd2 Qxa3 27. Bb5 Rd8 28. Rc1 Bd7 29. Bb2 Qb3 30. Bxd7 Rxd7 31. Rc7 Qa4 32. Qc1 Kf7 33. d5 a5 34. Qd2 Rg6 35. Bc3 b6 36. Bb2 h5 37. Kf1 Qb5+ 38. Ke1 h4 39. Bc3 hxg3 40. hxg3 Rh6 41. dxe6+ Rxe6 42. Qf4 g6 43. Rxd7+ Qxd7 44. g4 Qxd6 45. gxf5 gxf5 46. Qxf5+ Ke8 47. Ke2 Qc6 48. Ke3 Qxc3+ 0-1